000 00597nam a2200169 i 4500
001 169997
003 ES-MaACL
005 20230906214249.0
007 t|
008 160628s1882 sp ||||1| spa d
110 2 _aReal Sociedad Económica Matritense de Amigos del País.
_96389
245 1 0 _aEstatutos y reglamento de la Sociedad Económica Matritense de Amigos del País.
260 _aMadrid :
_b[s.n.],
_c1882 (
_fImp. de M. Romero)
300 _a44 p. ;
_c13 cm.
610 2 4 _aReal Sociedad Económica Matritense de Amigos del País-
_vEstatutos.
_9147091
852 _aES-MaACL
_jT-408-F-6
999 _c169997
_d169997